Измерения при наладке ВЧ каналов связи по линиям высокого напряжения

Bibliografski detalji
Glavni autor: Рыжавский Г. Я. Генрих Яковлевич
Jezik:ruski
Izdano: Москва, Энергоатомиздат, 1989
Serija:БЭ Вып. 625
Teme:
Format: MixedMaterials Knjiga
KOHA link:https://koha.lib.tpu.ru/cgi-bin/koha/opac-detail.pl?biblionumber=376685

MARC

LEADER 00000nam0a2200000 4500
001 376685
005 20231101052046.0
010 |a 5288010309 
020 |a RU  |b 89-81223 
035 |a (RuTPU)RU\TPU\retro\34125 
035 |a RU\TPU\book\230884 
090 |a 376685 
100 |a 20221226d1989 km a0rusy5003 ca 
101 0 |a rus 
102 |a RU 
105 |a a z 001zy 
200 1 |a Измерения при наладке ВЧ каналов связи по линиям высокого напряжения  |f Г. Я. Рыжавский 
210 |a Москва  |c Энергоатомиздат  |d 1989 
215 |a 112,[1] с.  |c схем.  |d 22 см 
225 1 |a БЭ  |e Библиотека электромонтера  |v Вып. 625 
320 |a Библиогр. в конце текста (15 назв.) 
610 1 |a каналы связи 
610 1 |a высокочастотная связь 
610 1 |a измерение 
610 1 |a линии передачи 
610 1 |a высокое напряжение 
675 |a 621.39.052.6  |z rus 
700 1 |a Рыжавский  |b Г. Я.  |g Генрих Яковлевич  |4 070 
801 0 |a RU  |b RuMRKP  |c 19950417  |g psbo 
801 1 |a RU  |b 63413507  |c 20120313 
801 2 |a RU  |b 63413507  |c 20221226  |g RCR 
942 |c BK